000 00380nam a22001457a 4500
003 OSt
005 20220216162940.0
008 220216b |||||||| |||| 00| 0 eng d
020 _a139781435427426
040 _cH U
082 _22ed
_a629.89
100 _aHuang Han-Way
_930727
245 _aHcs12/9s12 An Introduction To Software And Hardware Interfacing
942 _2ddc
_cBOOKS
_n0
999 _c30651
_d30651